Bytový dom

Gespeichert in:
Bibliographische Detailangaben
1. Verfasser: Buček, Dušan (Verfasst von)
Weitere Verfasser: Juríček, Ivan (Betreuung Doktorarbeit)
Format: Manuskript Buch
Sprache:Slowakisch
Veröffentlicht: 2021
Schlagworte:
Online-Zugang:http://is.stuba.sk/zp/portal_zp.pl?podrobnosti=165945
https://opac.crzp.sk/?fn=detailBiblioForm&sid=C5B0443D08DFEDB2390F0A49A386
Tags: Tag hinzufügen
Keine Tags, Fügen Sie das erste Tag hinzu!

MARC

LEADER 00000ntm a22000003a 4500
001 stuzp85065
003 SK-STU
005 20230511141843.4
007 ta
008 150427s2015----xo-----f-mn---000-0-slo-d
040 |a STU  |b slo 
041 0 |a slo 
100 1 |a Buček, Dušan  |u 010270  |4 aut  |U SvF Stavebná fakulta  |T SvF Katedra technológie stavieb  |X 77054  |U V270  |Y 28  |7 77054 
242 0 1 |a Residential building  |y eng 
245 1 0 |a Bytový dom 
260 |c 2021 
650 4 |a Bytový dom  |2 slo 
650 4 |a Projekt organizácie výstavby  |2 slo 
650 4 |a ETICS  |2 slo 
650 4 |a Project of construction organization  |2 eng 
650 4 |a Residential building  |2 eng 
650 4 |a ETICS  |2 eng 
700 1 |a Juríček, Ivan  |4 ths  |X 878  |7 A000000878 
856 4 |u http://is.stuba.sk/zp/portal_zp.pl?podrobnosti=165945 
856 4 |u https://opac.crzp.sk/?fn=detailBiblioForm&sid=C5B0443D08DFEDB2390F0A49A386